000 00398nam a22001457a 4500
999 _c27638
_d27638
008 250214b ||||| |||| 00| 0 eng d
082 0 0 _a823
_bT129
100 _94875
_aTagore, Rabindranath
245 1 0 _aA flight of swans, poems from Balaka
_cRabindranath Tagore
250 _a1st ed.
260 _aLondon:
_bJohn murray lid.,
_c1955.
300 _a82 p.
650 0 _aEnglish fiction
942 _cBK